Library Catalog

Snow White and Rose Red / (Record no. 492635)

MARC details
000 -LEADER
fixed length control field 01022nam a22002417a 4500
003 - CONTROL NUMBER IDENTIFIER
control field OSt
005 - DATE AND TIME OF LATEST TRANSACTION
control field 20260511084825.0
008 - FIXED-LENGTH DATA ELEMENTS--GENERAL INFORMATION
fixed length control field 260212b |||||||| |||| 00| 0 eng d
020 ## - INTERNATIONAL STANDARD BOOK NUMBER
International Standard Book Number 9780723294528
040 ## - CATALOGING SOURCE
Original cataloging agency Kenya National Library Service
082 ## - DEWEY DECIMAL CLASSIFICATION NUMBER
Classification number 398.20943 SOU
100 ## - MAIN ENTRY--PERSONAL NAME
Personal name Southgate, Vera,
Relator term author.
245 ## - TITLE STATEMENT
Title Snow White and Rose Red /
Statement of responsibility, etc. retold by Vera Southgate ; illustrated by Yunhee Park.
300 ## - PHYSICAL DESCRIPTION
Extent 42 pages :
Other physical details illustrations (colour) ;
Dimensions 18 cm.
490 ## - SERIES STATEMENT
Series statement Ladybird Tales series.
520 ## - SUMMARY, ETC.
Summary, etc. A retelling of the classic Grimm fairy tale in which two kind sisters encounter a grumpy dwarf, magical transformations, and a prince under a spell, ultimately discovering courage, kindness, and reward through their good deeds.<br/>
650 ## - SUBJECT ADDED ENTRY--TOPICAL TERM
Topical term or geographic name entry element Fairy tales
Form subdivision Juvenile fiction.
650 ## - SUBJECT ADDED ENTRY--TOPICAL TERM
Topical term or geographic name entry element Children's stories.
700 ## - ADDED ENTRY--PERSONAL NAME
Personal name Park, Yunhee,
Relator term illustrator.
942 ## - ADDED ENTRY ELEMENTS (KOHA)
Source of classification or shelving scheme Dewey Decimal Classification
Koha item type Books
Suppress in OPAC No
Holdings
Withdrawn status Source of classification or shelving scheme Damaged status Not for loan Collection Home library Current library Date acquired Source of acquisition Cost, normal purchase price Total checkouts Full call number Barcode Date last seen Price effective from Koha item type
  Dewey Decimal Classification     Junior Books Nakuru Library Acquisition, Cataloguing, Classification and Distribution Development 05/11/2026 BAI 374.00   398.20943 SOU B230467 05/11/2026 05/11/2026 Books

© 2025, Kenya National Library Service | Designed & Maintained by Uvumbuzi Center